[Event "Prague Golden op 19th"]
[Site "Prague"]
[Date "2024.06.25"]
[Round "4"]
[White "Ulam Orgikh, Amartuvshin"]
[Black "Lebl, Martin"]
[Result "1-0"]
[WhiteElo "1718"]
[BlackElo "1551"]
[PlyCount "71"]
[EventDate "2024.06.22"]
[EventType "swiss"]
[EventRounds "7"]
[EventCountry "CZE"]
[SourceTitle "EXT 2025"]
[Source "ChessBase"]
[SourceDate "2024.10.14"]
[SourceVersion "1"]
[SourceVersionDate "2024.10.14"]
[SourceQuality "1"]

1. e4 c5 2. Bc4 Nc6 3. d3 g6 4. c3 Bg7 5. h3 Nf6 6. Nf3 a6 7. Be3 0-0 8. 0-0 d6 9. Na3 b5 10. Bb3 Bd7 11. Qd2 Qc7 12. Bh6 Rac8 13. Bxg7 Kxg7 14. Nc2 Na5 15. Ne3 Nxb3 16. axb3 Qb7 17. Nc2 h5 18. b4 c4 19. e5 dxe5 20. Nxe5 cxd3 21. Nd4 Rcd8 22. Qxd3 Be6 23. f3 Bd5 24. Rfe1 e6 25. Qe3 Ra8 26. Nd3 Nd7 27. Nc5 Nxc5 28. bxc5 Qc7 29. b4 Bc4 30. Qg5 a5 31. Rxa5 Rxa5 32. bxa5 Rc8 33. c6 Bd5 34. Nxb5 Qxc6 35. Rb1 Rb8 36. Qe5+ 1-0

[Event "Prague Golden op 19th"]
[Site "Prague"]
[Date "2024.06.23"]
[Round "2"]
[White "Lebl, Martin"]
[Black "Kouba, Petr"]
[Result "1/2-1/2"]
[WhiteElo "1551"]
[BlackElo "1741"]
[PlyCount "100"]
[EventDate "2024.06.22"]
[EventType "swiss"]
[EventRounds "7"]
[EventCountry "CZE"]
[SourceTitle "EXT 2025"]
[Source "ChessBase"]
[SourceDate "2024.10.14"]
[SourceVersion "1"]
[SourceVersionDate "2024.10.14"]
[SourceQuality "1"]

1. d4 d5 2. c4 Nf6 3. Nc3 c6 4. Nf3 Nbd7 5. Bg5 e6 6. e3 Be7 7. Be2 0-0 8. 0-0 h6 9. Bh4 Ne8 10. Bg3 Nd6 11. Qb3 Qb6 12. Qxb6 axb6 13. b3 Nf5 14. e4 Nxg3 15. hxg3 Bb4 16. Rac1 Bxc3 17. Rxc3 Rxa2 18. Re3 dxe4 19. Rxe4 Nf6 20. Re3 c5 21. Rd1 Rd8 22. Kf1 Rb2 23. Red3 Kf8 24. dxc5 Rxd3 25. Rxd3 Rb1+ 26. Ne1 Ke7 27. cxb6 Nd7 28. Bf3 Nxb6 29. Ke2 Nd7 30. Nc2 Nc5 31. Rc3 Rxb3 32. Rxb3 Nxb3 33. Kd3 Kd6 34. Kc3 Nc5 35. Ne3 b6 36. Kb4 Nd3+ 37. Kb5 Nxf2 38. Kxb6 Nd3 39. c5+ Ke7 40. c6 Ne5 41. Kc7 Ba6 42. Kb8 Kd6 43. Ka7 Bb5 44. Kb6 Bxc6 45. Be2 Be8 46. g4 g5 47. Kb7 f6 48. g3 Bc6+ 49. Kc8 f5 50. gxf5 exf5 1/2-1/2